000 00436nam a2200181Ia 4500
001 10620
005 20260306161845.0
008 260306t2015||||xx |||||||||||||| ||spa||
041 _aESP
082 _a944.07
_bT65
100 _aTocqueville, Alexis de
_eAUT
245 0 _aRecuerdos de la revolución de 1848
260 _c2015
300 _a222 pƔginas :
_c22 cm.
650 _aGEN
654 _aCHU
942 _cLIB
_dJUS
_fJUS
_2ddc
_n
999 _c10620
_d10620